ESSENTIALS OF MEDICAL PHARMACOLOGY (Record no. 6775)

MARC details
000 -LEADER
fixed length control field 00352nam a2200145Ia 4500
008 - FIXED-LENGTH DATA ELEMENTS--GENERAL INFORMATION
fixed length control field 150301s2014 xx 000 0 und d
082 ## - DEWEY DECIMAL CLASSIFICATION NUMBER
Classification number 615
Item number M14T
100 ## - MAIN ENTRY--PERSONAL NAME
Personal name TRIPATHI, KD
245 ## - TITLE STATEMENT
Title ESSENTIALS OF MEDICAL PHARMACOLOGY
250 ## - EDITION STATEMENT
Edition statement 7TH
260 ## - PUBLICATION, DISTRIBUTION, ETC. (IMPRINT)
Name of publisher, distributor, etc. JAYPEE MEDICAL PUB.
Date of publication, distribution, etc. 2014
300 ## - PHYSICAL DESCRIPTION
Extent 1002
650 ## - SUBJECT ADDED ENTRY--TOPICAL TERM
Topical term or geographic name as entry element PHARMACOLOGY
942 ## - ADDED ENTRY ELEMENTS (KOHA)
Source of classification or shelving scheme Dewey Decimal Classification
Koha item type Books
Koha issues (borrowed), all copies 12
Holdings
Withdrawn status Lost status Source of classification or shelving scheme Damaged status Not for loan Collection code Home library Current library Shelving location Date acquired Source of acquisition Cost, normal purchase price SGTU Total Checkouts Full call number Barcode Date last seen Date last checked out Bill Date Koha item type Checked out
    Dewey Decimal Classification     NURSING SGT Medical Library SGT Medical Library Text Book 02/07/2015 KBD 995.00 SGTU 25 615 M14T FN2555 27/02/2026 16/02/2026 02/07/2015 Books  
    Dewey Decimal Classification     NURSING SGT Medical Library SGT Medical Library Text Book 02/07/2015 KBD 995.00 SGTU 29 615 M14T FN2556 03/06/2026 03/06/2026 02/07/2015 Books 17/06/2026